|
|
|
|
| LEADER |
00974cam a22002418i 4500 |
| 020 |
|
|
|a 9781786394132 (Hardback)
|
| 082 |
0 |
0 |
|a 338.4791REL
|b ISL
|
| 245 |
1 |
0 |
|a Islamic tourism :
|b management of travel destinations /
|c edited by Ahmad Jamal, University of Cardiff; Razaq Raj, Leeds Beckett University; and Kevin Griffin, Dublin Institute of Technology, Ireland.
|
| 260 |
|
|
|a UK:
|b CABI,
|c 2019.
|
| 300 |
|
|
|a 260 pages.
|
| 490 |
0 |
|
|a CABI religious tourism and pilgrimage series
|
| 504 |
|
|
|a Includes bibliographical references and index.
|
| 650 |
|
0 |
|a Tourism
|z Islamic countries.
|
| 650 |
|
0 |
|a Tourism
|
| 650 |
|
0 |
|a Sacred spaces
|
| 650 |
|
0 |
|a Pilgrims and pilgrimages.
|
| 650 |
|
0 |
|a Muslim travelers.
|
| 700 |
1 |
|
|a Jamal, Ahmad,
|
| 700 |
1 |
|
|a Raj, Razaq,
|
| 700 |
1 |
|
|a Griffin, Kevin A.,
|
| 942 |
|
|
|c BK
|
| 999 |
|
|
|c 298960
|d 298960
|
| 952 |
|
|
|0 0
|1 0
|4 0
|6 338_000000000000000_4791REL_ISL
|7 0
|9 318544
|a IMK
|b IMK
|d 2020-09-18
|g 9405.00
|l 0
|o 338.4791REL ISL
|p IMK16322
|r 2020-09-18
|w 2020-09-18
|y BK
|